00197nam a2200073Ia 4500008004100000100002000041245003800061260002400099170817s9999 xx 000 0 und d aSoni. Ram Gopal 0aBhartiya Shiksha Parnali Ka Vikas bH. P. BHARGAVA AGRA